Nárasty vyššie ako pády
Do čoho sa oplatilo investovať v minulom roku.Termínované vklady a úroky z nich. Úroky vkladných knižiek, sporiacich účtov, podielových fondov. Investície do zlata, diamantov, akcií a nehnuteľností.
Saved in:
| Main Author: | |
|---|---|
| Format: | Book Chapter |
| Language: | Slovak |
| Subjects: | |
| Tags: |
No Tags, Be the first to tag this record!
|
MARC
| LEADER | 00000naa a2200000 4500 | ||
|---|---|---|---|
| 001 | 0165639 | ||
| 005 | 20240502072903.8 | ||
| 041 | 0 | |a slo | |
| 044 | |a SK | ||
| 245 | 1 | 0 | |a Nárasty vyššie ako pády |c Pavel Škriniar |
| 520 | |a Do čoho sa oplatilo investovať v minulom roku.Termínované vklady a úroky z nich. Úroky vkladných knižiek, sporiacich účtov, podielových fondov. Investície do zlata, diamantov, akcií a nehnuteľností. | ||
| 610 | 2 | 0 | |a investovanie |
| 610 | 2 | 0 | |a investície |
| 610 | 2 | 0 | |a vklady |
| 610 | 2 | 0 | |a fondy podielové |
| 610 | 2 | 0 | |a zlato |
| 610 | 2 | 0 | |a diamanty |
| 610 | 2 | 0 | |a akcie |
| 610 | 2 | 0 | |a nehnuteľnosti |
| 100 | 1 | |a Škriniar, Pavel, 1979- | |